Central Library OPAC University of Rajshahi

The Year book of world affairs 1965 / (Record no. 42859)

MARC details
000 -LEADER
fixed length control field 00756nam a2200241 a 4500
001 - CONTROL NUMBER
control field 42859
003 - CONTROL NUMBER IDENTIFIER
rucl marc code BD-RjUL
005 - DATE AND TIME OF LATEST TRANSACTION
control field 20211209053614.0
008 - FIXED-LENGTH DATA ELEMENTS--GENERAL INFORMATION
fixed length control field 160616s1962 nyua 001 0 eng
035 ## - SYSTEM CONTROL NUMBER
System control number (BD-RjUL)42977
040 ## - CATALOGING SOURCE
Original cataloging agency DLC
Transcribing agency DLC
Modifying agency DLC
-- BD-RjU
Language of cataloging eng
041 ## - LANGUAGE CODE
Language code of text/sound track or separate title eng
082 00 - DEWEY DECIMAL CLASSIFICATION NUMBER
Classification number 327.05
Edition number 23
Author mark and year YEA 1965
245 14 - TITLE STATEMENT
Title The Year book of world affairs 1965 /
Statement of responsibility, etc. editors : George W. Keeton and Georg Schwarzenberger
260 ## - PUBLICATION, DISTRIBUTION, ETC. (IMPRINT)
Place of publication, distribution, etc. London :
Name of publisher, distributor, etc. Stevens & sons,
Date of publication, distribution, etc. 1965
300 ## - PHYSICAL DESCRIPTION
Pagination xvi, 389 p. ;
Size 26 cm.
500 ## - GENERAL NOTE
General note Include index
650 ## - SUBJECT ADDED ENTRY--TOPICAL TERM
Topical term or geographic name as entry element International relations
9 (RLIN) 131662
Form subdivision Periodicals.
700 ## - ADDED ENTRY--PERSONAL NAME
Personal name Keeton, George W.,
710 ## - ADDED ENTRY--CORPORATE NAME
Corporate name or jurisdiction name as entry element London Institute of World Affairs.
9 (RLIN) 129477
942 ## - ADDED ENTRY ELEMENTS (KOHA)
Source of classification or shelving scheme Dewey Decimal Classification
Koha item type Books
Holdings
Lost status Source of classification or shelving scheme Damaged status Not for loan Collection code Permanent Location Current Location Shelving location Date acquired Source of acquisition Cost, normal purchase price Total Checkouts Full call number Date last seen Copy number Koha item type
  Dewey Decimal Classification     Non-fiction Central Library, University of Rajshahi Central Library, University of Rajshahi   08/08/1967 Zeitlinger 115.00   327.05 YEA 1965 19/06/2016 C-2 Books